| 000 | 00914cam a22003013a 4500 | ||
|---|---|---|---|
| 001 | 30205 | ||
| 003 | PGUSA | ||
| 005 | 20140828083643.0 | ||
| 008 | 091006s2009||||xxu|||||s|||||000 | eng d | ||
| 040 |
_aPGUSA _beng |
||
| 042 | _adc | ||
| 050 | 4 | _aDA | |
| 100 | 1 |
_aFoote, G. W. _q(George William), _d1850-1915 |
|
| 245 | 1 | 0 |
_aReminiscences of Charles Bradlaugh _h[electronic resource] / _cG. W. Foote |
| 260 |
_bProject Gutenberg, _c2009 |
||
| 506 | _aPublic domain in the USA. | ||
| 516 | _aElectronic text | ||
| 653 | _aTrials (Blasphemy) -- Great Britain | ||
| 653 | _aBlasphemy -- Great Britain | ||
| 653 | _aBradlaugh, Charles, 1833-1891 | ||
| 653 | _aSedition -- Great Britain | ||
| 653 | _aFree thought | ||
| 653 | _aFoote, G. W. (George William), 1850-1915 | ||
| 653 | _aFreethinker | ||
| 830 | 0 |
_aProject Gutenberg _v30205 |
|
| 856 | 4 | 0 | _uhttp://www.gutenberg.org/ebooks/30205 |
| 942 | _cEB | ||
| 999 |
_c259460 _d259460 |
||